书目信息 |
| 题名: |
中国农村人口的收入与养老
|
|
| 作者: | 宋健 著 | |
| 分册: | ||
| 出版信息: | 北京 中国人民大学出版社 2006 |
|
| 页数: | 229 | |
| 开本: | 21cm | |
| 丛书名: | ||
| 单 册: | ||
| 中图分类: | F323.89 | |
| 科图分类: | ||
| 主题词: | 农业经济--中国 | |
| 电子资源: | ||
| ISBN: | 7-300-07303-4 | |
| 000 | 00547nam0 2200181 450 | |
| 001 | 0760515518 | |
| 005 | 20070817164835.51 | |
| 010 | @a7-300-07303-4@d¥16.80 | |
| 100 | @a20070817d km y0chiy0120 ea | |
| 101 | 0 | @achi |
| 200 | 1 | @a中国农村人口的收入与养老@Azhong guo nong cun ren kou de shou ru yu yang lao@f宋健著@Fsong jian zhu |
| 210 | @a北京@c中国人民大学出版社@d2006 | |
| 215 | @a229@d21cm | |
| 606 | 0 | @a农业经济@x中国 |
| 690 | @aF323.89@v3 | |
| 701 | 0 | @a宋健@Asong jian@4著 |
| 801 | 0 | @aCN@bPFT@c20070817 |
| 905 | @a213230@dF323.89@eg10@f1 | |
| 中国农村人口的收入与养老/宋健著.-北京:中国人民大学出版社,2006 |
| 229;21cm |
| ISBN 7-300-07303-4:¥16.80 |
| ● |
| 相关链接 |
|
|
|
|
正题名:中国农村人口的收入与养老
索取号:F323.89/g10
 
预约/预借
| 序号 | 登录号 | 条形码 | 馆藏地/架位号 | 状态 | 备注 |
| 1 | 6503703 | 265037033 | 密集书库-海洋学院/ [索取号:F323.89/g10] | 在馆 | |
| 2 | 6503704 | 265037042 | 密集书库-海洋学院/ [索取号:F323.89/g10] | 在馆 |